000 00408nam a2200169Ia 4500
003 GCL
008 140319s9999 xx 000 0 eng d
040 _aGCL /
_cGCL
082 0 4 _a843
_bC G
100 1 _aCORTAZAR, JALIO
245 1 0 _aLES GAGNANTS /
_cCORTAZAR, JALIO
260 _a[S.N] :
_bFAYARD ،
_c1961
300 _a345 P
650 0 4 _aLITERATURE
650 0 4 _aFRENCH LITERATURE
942 _2ddc
_cBK
999 _c22125
_d22125